Subkulturen der jugendlichen in deutschland im wandel der zeit (50-90-er jahre); Коммуникативные аспекты языка и культуры

Библиографические подробности
Источник:Коммуникативные аспекты языка и культуры.— 2003.— C. 147-150.
Главный автор: Лиленко И. Ю.
Язык:немецкий
Опубликовано: 2003
Предметы:
Формат: MixedMaterials Статья
Запись в KOHA:https://koha.lib.tpu.ru/cgi-bin/koha/opac-detail.pl?biblionumber=101755

MARC

LEADER 00000naa2a2200000 4500
001 101755
005 20231031112733.0
035 |a (RuTPU)RU\TPU\book\109714 
090 |a 101755 
100 |a 20060915d2003 k y0rusy50 ca 
101 0 |a ger 
102 |a RU 
200 1 |a Subkulturen der jugendlichen in deutschland im wandel der zeit (50-90-er jahre)  |f И. Ю. Лиленко 
320 |a Библиогр.: 2 назв. 
463 0 |0 (RuTPU)RU\TPU\book\64057  |y 5-98298-046-3  |t Коммуникативные аспекты языка и культуры  |o III Всероссийская научно-практическая конференция студентов, аспирантов и молодых ученых, Томск, 15-16 мая 2003 г.  |o Сборник научных трудов  |f Томский политехнический университет; Институт языковой коммуникации  |v C. 147-150.  |d 2003  |p 249 с. 
610 1 |a молодёжная культура 
610 1 |a поп-культура 
610 1 |a Германия 
610 1 |a субкультура 
610 1 |a труды учёных ТПУ 
700 1 |a Лиленко  |b И. Ю. 
801 1 |a RU  |b 63413507  |c 20060915  |g PSBO 
801 2 |a RU  |b 63413507  |c 20080408  |g PSBO 
942 |c BK